Catálogo
 En Linea

Del Tajín a Venecia : (Registro nro. 2443)

Detalles MARC
000 -CABECERA
campo de control de longitud fija 00767cam a2200205 a 4500
001 - NÚMERO DE CONTROL
campo de control 000002607
005 - FECHA Y HORA DE LA ÚLTIMA TRANSACCIÓN
campo de control 20200929150225.0
008 - DATOS DE LONGITUD FIJA--INFORMACIÓN GENERAL
campo de control de longitud fija 050927s2002 mx b 000 0 spa
020 ## - NÚMERO INTERNACIONAL ESTÁNDAR DEL LIBRO
Número Internacional Estándar del Libro 9688345725
040 ## - FUENTE DE LA CATALOGACIÓN
Centro catalogador/agencia de origen DO-SdBNP
Lengua de catalogación spa
Centro/agencia transcriptor BNPHU
082 ## - NÚMERO DE LA CLASIFICACIÓN DECIMAL DEWEY
Número de clasificación M863.6409
Número de documento/Ítem G216t
100 1# - ENTRADA PRINCIPAL--NOMBRE DE PERSONA
Nombre de persona García Díaz, Teresa
9 (RLIN) 8216
245 14 - MENCIÓN DE TÍTULO
Título Del Tajín a Venecia :
Resto del título un regreso a ninguna parte /
Mención de responsabilidad, etc. Teresa García Díaz.
260 ## - PUBLICACIÓN, DISTRIBUCIÓN, ETC.
Lugar de publicación, distribución, etc. Xalapa, Veracruz, México :
Nombre del editor, distribuidor, etc. Instituto de Investigaciones Lingüístico-Literarias, Universidad Veracruzana,
Fecha de publicación, distribución, etc. 2002.
300 ## - DESCRIPCIÓN FÍSICA
Extensión 261 p. ;
Dimensiones 23 cm.
440 #0 - MENCIÓN DE SERIE/PUNTO DE ACCESO ADICIONAL--TÍTULO
Título Cuadernos ;
Designación de volumen o secuencia 46
9 (RLIN) 8011
504 ## - NOTA DE BIBLIOGRAFÍA, ETC.
Nota de bibliografía, etc. Incluye referencias bibliográficas p. 251-261.
600 10 - PUNTO DE ACCESO ADICIONAL DE MATERIA--NOMBRE DE PERSONA
Nombre de persona PITOL, SERGIO,
Fechas asociadas al nombre 1933-
Subdivisión general CRÍTICA E INTERPRETACIÓN
9 (RLIN) 8217
650 #4 - PUNTO DE ACCESO ADICIONAL DE MATERIA--TÉRMINO DE MATERIA
Término de materia o nombre geográfico como elemento de entrada Novela mexicana
9 (RLIN) 3959
Existencias
Estado de retiro Estado de pérdida Restricciones de uso No para préstamo Código de colección Localización permanente Ubicación/localización actual Ubicación en estantería Fecha de adquisición Número de inventario Total de préstamos Signatura topográfica completa Código de barras Fecha visto por última vez Precio válido a partir de Tipo de ítem Koha
    Préstamo interno   Monografías: Libros y Folletos General General Depósito 03.07.2009 LF1   M863.6409 G216t 2607-10 25.06.2020 25.06.2020 Préstamo interno

Con tecnología Koha